| 000 | 00678nam a2200229 a 4500 | ||
|---|---|---|---|
| 001 | 12006 | ||
| 003 | CO-ViMGA | ||
| 008 | 141112s2004 ck r 000 u spa d | ||
| 020 | _a8448117662 | ||
| 040 |
_aCO-ViMGA _bspa _cCO-ViMGA |
||
| 082 | 0 | 4 | _a628.44 T24g |
| 100 | 1 |
_aTchobanoglous, Theisen - Vigil _916938 |
|
| 245 | 1 | 0 | _aGestión Integral de Residuos Sólidos |
| 250 | _a1 | ||
| 260 |
_aMadrid, _cMcGraw - Hill, _c1994 |
||
| 300 | _a2V. | ||
| 650 | 1 | 4 |
_aAPROVECHAMIENTO DE RESIDUOS _916939 |
| 650 | 1 | 4 |
_aRECOLECCION DE RESIDUOS SOLIDOS _916940 |
| 650 | 1 | 4 |
_aRESIDUOS INDUSTRIALES, LEGISLACION _916941 |
| 650 | 1 | 4 |
_aRESIDUOS SOLIDOS, LEGISLACION _916942 |
| 942 |
_2ddc _cBK |
||
| 999 |
_c23059 _d23059 |
||